000 01042nam a2200313 i 4500
001 000010510
003 DO-SdBNP
005 20250331144311.0
007 ta
008 091007s1984 dr 000 p spa d
040 _aDO-SdBNP
_bspa
_cBNPHU
_erda
041 _aspa
082 4 _aCu861.3
_bM378i
_222
100 1 _aMartí, José,
_d1853-1895
_9645
_eautor
_4aut.
245 1 0 _aIsmaelillo y versos sencillos /
_cJosé Martí ; prólogo, Enriquillo Sánchez.
250 _aPrimera edición
264 1 _aSanto Domingo :
_bEdiciones de la Lotería Nacional,
_bEditora Alfa & Omega,
_c1984.
300 _a158 páginas ;
_c21 cm.
336 _atexto
_btxt
_2rdacontent
337 _asin mediación
_bn
_2rdamedia
338 _avolumen
_bnc
_2rdacarrier
490 _aColección Letra C
590 _aInventariado, 2018/LP
650 4 _aPoesía cubana
_95226
650 4 _aLiteratura cubana
_91483
700 1 _aSánchez, Enriquillo,
_d1947-2004
_eprologuista
_926468
_4prol.
910 _aValidado. Control de calidad MFF
942 _2ddc
_cLBS1
999 _c10269
_d10269